000 00650nam a2200241Ia 4500
003 OSt
005 20220918174607.0
006 a|||||r|||| 00| 0
007 ta
008 220917b |||||||| |||| 00| 0 eng d
024 _a13,015
037 _cTextual
040 _aARTS
_cARTS
_beng
041 _2eng
_aeng
082 _aN52,D3v71, M3
100 _aPollitt J J
_97343
245 0 _aArts of Rome, c753-BC-AD337
_b Sources an idocuments
260 _aCambridge
_bCambridge Univ Press
_c1983
300 _axxii, 252p.
_ccm.
650 _aARTS
942 _hN52,D3v71, M3
_cTEXL
_2CC
999 _c153838
_d153838